| 000 | 01554nam a2200301 i 4500 | ||
|---|---|---|---|
| 001 | 15834 | ||
| 003 | DO-SdUEMH | ||
| 005 | 20260212214221.0 | ||
| 007 | ta | ||
| 008 | 211105s2007||||dr a|||gr|||| 0|| | spa d | ||
| 020 | _a9789945406481 | ||
| 040 |
_aDO-SdUEMH _bspa _erda |
||
| 041 | _aspa | ||
| 082 | 1 | 4 |
_aRD 378.7293 F727H _mRD |
| 084 | _b11-00165 | ||
| 110 | _aRepública Dominicana: Secretaría de Educación Superior Ciencia y Tecnología (SEESCyT) | ||
| 245 |
_aHacia un Plan Decenal de la Educación Superior, La Ciencia y la Tecnología: _bsíntesis de los informes de las Mesas de Trabajo de la Educación Superior, Ciencia y Tecnología |
||
| 260 | _c2007 | ||
| 264 | 1 |
_aSanto Domingo, República Dominicana : _bAlfa y Omega, _c2007 |
|
| 264 | 4 | _c©2007 | |
| 300 |
_a216 páginas : _bilustraciones ; _c27 cm. |
||
| 336 |
_2rdacontent _atexto _btxt |
||
| 337 |
_2rdamedia _asin mediación _bn |
||
| 338 |
_2rdacarrier _avolumen _bnc |
||
| 505 | 2 | _aEl contexto del país y de la educación superior en la República Dominicana -- Situación y perspectivas de la educación superior, la ciencia y la tecnología en el contexto de la globalización, la sociedad del conocimiento y el TLC -- Situación y perspectivas del uso de las tecnologías de la información y la comunicación en la educación superior -- Situación y perspectivas de los valores en la educación superior: la educación en la verdad -- Situación y perspectivas de la administración de las instituciones de educación superior. | |
| 942 |
_2ddc _cBK _n0 |
||
| 999 |
_c15834 _d15834 |
||